| 000 | 00582nmm a2200181Ia 4500 | ||
|---|---|---|---|
| 008 | 251105s9999||||xx |||||||||||||||||und|| | ||
| 020 | _a9788491342724 | ||
| 041 | _aspa | ||
| 100 | _aLang, James M. | ||
| 245 | 0 |
_aDocencia pequeña : _b Lecciones cotidianas de las ciencias del aprendizaje |
|
| 264 |
_a[Madrid, España] : _bPublicaciones de la Universidad de Valencia (PUV), _c2018 |
||
| 300 | _a254 páginas | ||
| 650 | _aEducation | ||
| 700 | _aLang, James M. | ||
| 700 | 1 | _a Oscar, Barberá Marco | |
| 856 | _uhttps://public.digitaliapublishing.com/a/62585 | ||
| 942 | _cCF | ||
| 999 |
_c67644 _d67644 |
||